[Event "DMP Ekstraliga 2020"]
[Site "Krakow"]
[Date "2020.08.31"]
[Round "6.24"]
[White "Majdan, Joanna"]
[Black "Worek, Joanna"]
[Result "0-1"]
[WhiteElo "2325"]
[BlackElo "2326"]
[Annotator "ChessBase"]
[PlyCount "110"]
[EventDate "2020.08.26"]
[EventType "team-tourn"]
[EventCountry "POL"]
[SourceTitle "playchess.com"]
[Source "ChessBase"]
[SourceQuality "1"]
[WhiteTeam "Wieza Pegow"]
[BlackTeam "Silesia Raciborz"]
[TimeControl "30/5400+30:1800+30"]

1. e4 {[%emt 0:00:00]} c5 {[%emt 0:00:00]} 2. Nf3 {[%emt 0:00:00]} Nc6 {[%emt 0:00:00]} 3. d4 {[%emt 0:00:00]} cxd4 {[%emt 0:00:00]} 4. Nxd4 {[%emt 0:00:00]} Nf6 {[%emt 0:00:03]} 5. Nc3 {[%emt 0:00:04]} d6 {[%emt 0:00:21]} 6. Bg5 {[%emt 0:01:51]} e6 {[%emt 0:01:28]} 7. Qd2 {[%emt 0:01:04]} a6 {[%emt 0:00:48]} 8. O-O-O {[%emt 0:01:27]} Bd7 {[%emt 0:01:39]} 9. f4 {[%emt 0:02:31]} b5 {[%emt 0:07:43]} 10. Bxf6 {[%emt 0:04:28]} gxf6 {[%emt 0:00:12]} 11. Kb1 {[%emt 0:00:21]} Qb6 {[%emt 0:03:58]} 12. Nce2 {[%emt 0:00:32]} b4 {[%emt 0:08:07]} 13. h4 {[%emt 0:03:03]} h5 {[%emt 0:04:54]} 14. Rh3 {[%emt 0:03:36]} a5 {[%emt 0:04:44]} 15. Qe1 {[%emt 0:05:45]} Rc8 {[%emt 0:06:11]} 16. Rhd3 {[%emt 0:05:47]} a4 {[%emt 0:07:37]} 17. Nxc6 {[%emt 0:04:20]} Bxc6 {[%emt 0:02:46]} 18. Nd4 {[%emt 0:00:06]} Qc5 {[%emt 0:03:04]} 19. Nxc6 {[%emt 0:04:34]} Rxc6 {[%emt 0:10:13]} 20. c3 {[%emt 0:04:38]} Bh6 {[%emt 0:09:51]} 21. Qd2 {[%emt 0:03:49]} b3 {[%emt 0:01:15]} 22. a3 {[%emt 0:06:34]} Ke7 {[%emt 0:06:04]} 23. Rd4 {[%emt 0:00:25]} Bxf4 {[%emt 0:00:39]} 24. Qe2 {[%emt 0:05:04]} Rg8 {[%emt 0:06:57]} 25. Rxa4 {[%emt 0:02:02]} Rg3 {[%emt 0:03:00]} 26. Rad4 {[%emt 0:08:11]} Be5 {[%emt 0:03:56]} 27. R4d3 {[%emt 0:02:32]} Rg4 {[%emt 0:00:09]} 28. g3 {[%emt 0:03:14]} Rc8 {[%emt 0:01:34]} 29. Bh3 {[%emt 0:06:01]} Rxg3 {[%emt 0:00:25]} 30. Qxh5 {[%emt 0:00:48]} Qf2 {[%emt 0:02:56]} 31. R3d2 {[%emt 0:32:57]} Qe3 {[%emt 0:30:29]} 32. Bf1 {[%emt 0:00:14]} Qxe4+ {[%emt 0:02:00]} 33. Bd3 {[%emt 0:00:04]} Qf4 {[%emt 0:00:29]} 34. Qe2 {[%emt 0:08:17]} Rh3 {[%emt 0:00:02]} 35. Ba6 {[%emt 0:01:04]} Rb8 {[%emt 0:01:44]} 36. h5 {[%emt 0:01:22]} Qf5+ {[%emt 0:00:08]} 37. Ka1 {[%emt 0:01:33]} d5 {[%emt 0:01:59]} 38. h6 {[%emt 0:01:21]} Qf4 {[%emt 0:00:41]} 39. h7 {[%emt 0:01:22]} Rxh7 {[%emt 0:00:16]} 40. Rf1 {[%emt 0:00:00]} Qg3 {[%emt 0:00:00]} 41. Rd3 {[%emt 0:00:00]} Rh2 {[%emt 0:00:00]} 42. Rxg3 {[%emt 0:00:00]} Rxe2 {[%emt 0:00:00]} 43. Bxe2 {[%emt 0:00:00]} Bxg3 {[%emt 0:00:00]} 44. c4 {[%emt 0:00:00]} d4 {[%emt 0:00:00]} 45. Kb1 {[%emt 0:00:00]} f5 {[%emt 0:00:00]} 46. a4 {[%emt 0:00:00]} Bc7 {[%emt 0:00:00]} 47. c5 {[%emt 0:00:00]} f4 {[%emt 0:00:00]} 48. Kc1 {[%emt 0:00:00]} e5 {[%emt 0:00:00]} 49. Bd3 {[%emt 0:00:00]} Ra8 {[%emt 0:00:00]} 50. Bb5 {[%emt 0:00:00]} Ba5 {[%emt 0:00:00]} 51. Rf3 {[%emt 0:00:00]} Rc8 {[%emt 0:00:00]} 52. c6 {[%emt 0:00:00]} Kd6 {[%emt 0:00:00]} 53. Rxb3 {[%emt 0:00:00]} e4 {[%emt 0:00:00]} 54. Rh3 {[%emt 0:00:00]} f3 {[%emt 0:00:00]} 55. Rh5 {[%emt 0:00:00]} e3 {[%emt 0:00:00]} 0-1

[Event "DMP Ekstraliga 2020"]
[Site "Krakow"]
[Date "2020.08.31"]
[Round "6.25"]
[White "Matuszewski, Michal"]
[Black "Kempinski, Robert"]
[Result "1/2-1/2"]
[WhiteElo "2508"]
[BlackElo "2568"]
[Annotator "ChessBase"]
[PlyCount "33"]
[EventDate "2020.08.26"]
[EventType "team-tourn"]
[EventCountry "POL"]
[SourceTitle "playchess.com"]
[Source "ChessBase"]
[SourceQuality "1"]
[WhiteTeam "Dwie Wieze Krakow"]
[BlackTeam "Miedz Legnica"]
[TimeControl "30/5400+30:1800+30"]

1. d4 {[%emt 0:00:00]} d6 {[%emt 0:00:00]} 2. Nf3 {[%emt 0:04:11]} g6 {[%emt 0:00:18]} 3. c3 {[%emt 0:02:05]} Nf6 {[%emt 0:06:02]} 4. Bg5 {[%emt 0:01:06]} Nbd7 {[%emt 0:00:35]} 5. Nbd2 {[%emt 0:00:15]} h6 {[%emt 0:00:51]} 6. Bh4 {[%emt 0:00:47]} Bg7 {[%emt 0:06:56]} 7. e4 O-O {[%emt 0:06:46]} 8. Be2 {[%emt 0:04:11]} Nh5 9. Bg3 {[%emt 0:04:51]} c5 {[%emt 0:05:07]} 10. Qc2 {[%emt 0:03:42]} cxd4 {[%emt 0:06:10]} 11. cxd4 {[%emt 0:06:48]} Nb8 {[%emt 0:01:14]} 12. O-O {[%emt 0:11:06]} Nxg3 {[%emt 0:01:04]} 13. hxg3 {[%emt 0:00:10]} Bg4 {[%emt 0:01:50]} 14. Rac1 {[%emt 0:05:23]} Nc6 {[%emt 0:05:43]} 15. d5 {[%emt 0:05:00]} Ne5 {[%emt 0:01:50]} 16. Qb3 {[%emt 0:04:50]} Nd7 {[%emt 0:03:13]} 17. Rc2 {[%emt 0:03:53]} 1/2-1/2

[Event "DMP Ekstraliga 2020"]
[Site "Krakow"]
[Date "2020.08.31"]
[Round "6.26"]
[White "Heberla, Bartlomiej"]
[Black "Druska, Juraj"]
[Result "0-1"]
[WhiteElo "2566"]
[BlackElo "2515"]
[Annotator "ChessBase"]
[PlyCount "84"]
[EventDate "2020.08.26"]
[EventType "team-tourn"]
[EventCountry "POL"]
[SourceTitle "playchess.com"]
[Source "ChessBase"]
[SourceQuality "1"]
[WhiteTeam "Miedz Legnica"]
[BlackTeam "Dwie Wieze Krakow"]
[BlackTeamCountry "SVK"]
[TimeControl "30/5400+30:1800+30"]

1. c4 {[%emt 0:00:08]} e6 {[%emt 0:00:09]} 2. Nf3 {[%emt 0:00:25]} d5 {[%emt 0:00:07]} 3. e3 {[%emt 0:00:09]} c6 {[%emt 0:02:42]} 4. d4 {[%emt 0:02:37]} Bd6 {[%emt 0:00:27]} 5. Bd3 {[%emt 0:00:14]} f5 {[%emt 0:00:31]} 6. O-O {[%emt 0:00:09]} Nf6 {[%emt 0:00:28]} 7. b3 {[%emt 0:00:05]} Qe7 {[%emt 0:00:46]} 8. Bb2 {[%emt 0:00:06]} O-O {[%emt 0:07:11]} 9. Nc3 {[%emt 0:00:09]} Ne4 {[%emt 0:05:16]} 10. Ne2 {[%emt 0:04:20]} Nd7 {[%emt 0:07:46]} 11. Ne5 {[%emt 0:02:55]} Ba3 {[%emt 0:08:52]} 12. Bxa3 {[%emt 0:08:58]} Qxa3 {[%emt 0:00:10]} 13. f4 {[%emt 0:05:27]} Nxe5 {[%emt 0:16:33]} 14. fxe5 {[%emt 0:02:59]} Bd7 {[%emt 0:01:33]} 15. Qc1 {[%emt 0:07:22]} Qe7 {[%emt 0:02:05]} 16. Qe1 {[%emt 0:00:13]} a5 {[%emt 0:06:35]} 17. Bxe4 {[%emt 0:04:48]} dxe4 {[%emt 0:09:17]} 18. c5 {[%emt 0:01:24]} Be8 {[%emt 0:06:18]} 19. Nc3 {[%emt 0:00:20]} g5 {[%emt 0:00:41]} 20. Na4 {[%emt 0:00:36]} f4 {[%emt 0:04:35]} 21. Nb6 {[%emt 0:18:07]} Rd8 {[%emt 0:00:05]} 22. Nc4 {[%emt 0:00:06]} Bg6 {[%emt 0:00:30]} 23. Nd6 {[%emt 0:00:14]} h5 {[%emt 0:01:46]} 24. Qxa5 {[%emt 0:10:35]} f3 {[%emt 0:02:11]} 25. g3 {[%emt 0:08:31]} h4 {[%emt 0:07:12]} 26. Kf2 {[%emt 0:00:20]} Qh7 {[%emt 0:03:14]} 27. g4 {[%emt 0:01:50]} h3 {[%emt 0:03:00]} 28. Rg1 {[%emt 0:00:13]} Rd7 {[%emt 0:00:43]} 29. Rg3 {[%emt 0:02:11]} Qh4 {[%emt 0:01:16]} 30. Rag1 {[%emt 0:02:26]} Kh7 {[%emt 0:01:44]} 31. Qe1 {[%emt 0:32:35]} Rf4 {[%emt 0:30:20]} 32. Qf1 {[%emt 0:00:40]} Rxg4 {[%emt 0:00:16]} 33. Qxh3 {[%emt 0:00:16]} Bf5 {[%emt 0:00:42]} 34. Qxh4+ {[%emt 0:05:52]} Rxh4 {[%emt 0:00:06]} 35. h3 {[%emt 0:00:04]} g4 {[%emt 0:01:32]} 36. Ne8 {[%emt 0:01:39]} Kh6 {[%emt 0:00:48]} 37. Nf6 {[%emt 0:00:08]} Rf7 {[%emt 0:00:32]} 38. hxg4 {[%emt 0:08:03]} Rh2+ {[%emt 0:00:27]} 39. Kf1 {[%emt 0:00:15]} Bg6 {[%emt 0:00:09]} 40. g5+ {[%emt 0:00:00]} Kg7 {[%emt 0:00:00]} 41. Rg4 {[%emt 0:00:00]} Rf8 {[%emt 0:00:00]} 42. Rf4 {[%emt 0:00:00]} Rxa2 {[%emt 0:00:00]} 0-1

[Event "DMP Ekstraliga 2020"]
[Site "Krakow"]
[Date "2020.08.31"]
[Round "6.27"]
[White "Leniart, Arkadiusz"]
[Black "Olszewski, Michal"]
[Result "0-1"]
[WhiteElo "2482"]
[BlackElo "2547"]
[Annotator "ChessBase"]
[PlyCount "62"]
[EventDate "2020.08.26"]
[EventType "team-tourn"]
[EventCountry "POL"]
[SourceTitle "playchess.com"]
[Source "ChessBase"]
[SourceQuality "1"]
[WhiteTeam "Dwie Wieze Krakow"]
[BlackTeam "Miedz Legnica"]
[TimeControl "30/5400+30:1800+30"]

1. e4 {[%emt 0:00:00]} c5 {[%emt 0:00:03]} 2. Nf3 {[%emt 0:00:00]} d6 {[%emt 0:00:04]} 3. d4 {[%emt 0:00:00]} cxd4 {[%emt 0:00:03]} 4. Nxd4 {[%emt 0:00:00]} Nf6 {[%emt 0:00:02]} 5. Nc3 {[%emt 0:00:00]} a6 {[%emt 0:00:03]} 6. h3 {[%emt 0:00:01]} e6 {[%emt 0:00:34]} 7. g4 {[%emt 0:01:00]} Nfd7 {[%emt 0:00:06]} 8. Bg2 {[%emt 0:00:44]} Be7 {[%emt 0:01:56]} 9. Be3 {[%emt 0:05:50]} Nc6 {[%emt 0:00:38]} 10. Qe2 {[%emt 0:08:30]} O-O {[%emt 0:02:08]} 11. O-O-O {[%emt 0:08:02]} Nxd4 {[%emt 0:00:41]} 12. Bxd4 {[%emt 0:00:22]} b5 {[%emt 0:00:19]} 13. e5 {[%emt 0:09:57]} d5 {[%emt 0:00:59]} 14. f4 {[%emt 0:16:40]} Bb7 {[%emt 0:07:06]} 15. Qf2 {[%emt 0:05:27]} b4 {[%emt 0:03:59]} 16. Ne2 {[%emt 0:04:59]} a5 {[%emt 0:00:10]} 17. Kb1 {[%emt 0:01:13]} a4 {[%emt 0:06:37]} 18. Nc1 {[%emt 0:00:15]} Qc7 {[%emt 0:07:35]} 19. h4 {[%emt 0:02:32]} Rfc8 {[%emt 0:06:18]} 20. f5 {[%emt 0:08:47]} Bc5 {[%emt 0:20:36]} 21. Bxc5 {[%emt 0:09:06]} Nxc5 {[%emt 0:00:07]} 22. Rh3 {[%emt 0:04:08]} Ba6 {[%emt 0:08:33]} 23. Re1 {[%emt 0:05:31]} b3 {[%emt 0:10:44]} 24. f6 {[%emt 0:07:14]} bxa2+ {[%emt 0:00:47]} 25. Nxa2 {[%emt 0:00:33]} Rab8 {[%emt 0:02:57]} 26. Qd4 {[%emt 0:01:09]} Nd3 {[%emt 0:03:56]} 27. cxd3 {[%emt 0:00:31]} Qc2+ {[%emt 0:00:06]} 28. Ka1 {[%emt 0:00:04]} a3 {[%emt 0:00:54]} 29. bxa3 {[%emt 0:01:03]} Qxg2 {[%emt 0:01:02]} 30. Rhh1 {[%emt 0:00:45]} Rc2 {[%emt 0:00:59]} 31. Nc1 {[%emt 0:30:30]} Rcb2 {[%emt 0:30:20]} 0-1

[Event "DMP Ekstraliga 2020"]
[Site "Krakow"]
[Date "2020.08.31"]
[Round "6.28"]
[White "Bobras, Piotr"]
[Black "Nguyen, Piotr"]
[Result "1/2-1/2"]
[WhiteElo "2487"]
[BlackElo "2422"]
[Annotator "ChessBase"]
[PlyCount "42"]
[EventDate "2020.08.26"]
[EventType "team-tourn"]
[EventCountry "POL"]
[SourceTitle "playchess.com"]
[Source "ChessBase"]
[SourceQuality "1"]
[WhiteTeam "Miedz Legnica"]
[BlackTeam "Dwie Wieze Krakow"]
[TimeControl "30/5400+30:1800+30"]

1. e4 {[%emt 0:00:00]} c5 {[%emt 0:00:00]} 2. Nf3 {[%emt 0:00:00]} Nc6 {[%emt 0:00:00]} 3. d4 {[%emt 0:00:00]} cxd4 {[%emt 0:00:00]} 4. Nxd4 {[%emt 0:00:00]} g6 {[%emt 0:00:00]} 5. c4 {[%emt 0:00:23]} Nf6 {[%emt 0:00:14]} 6. Nc3 {[%emt 0:00:06]} d6 {[%emt 0:00:05]} 7. Be2 {[%emt 0:00:51]} Nxd4 {[%emt 0:00:14]} 8. Qxd4 {[%emt 0:00:05]} Bg7 {[%emt 0:00:03]} 9. Be3 {[%emt 0:00:11]} O-O {[%emt 0:00:06]} 10. Qd2 {[%emt 0:00:04]} a5 {[%emt 0:00:23]} 11. O-O {[%emt 0:01:07]} a4 {[%emt 0:00:18]} 12. Bd4 {[%emt 0:02:16]} Qa5 {[%emt 0:01:06]} 13. Rad1 {[%emt 0:00:48]} Bd7 {[%emt 0:01:34]} 14. Qe3 {[%emt 0:03:41]} Bc6 {[%emt 0:01:17]} 15. Nd5 {[%emt 0:04:04]} Bxd5 {[%emt 0:00:07]} 16. exd5 {[%emt 0:00:07]} Rfe8 {[%emt 0:00:17]} 17. h4 {[%emt 0:04:57]} h5 {[%emt 0:01:02]} 18. Bc3 {[%emt 0:31:38]} Qa7 {[%emt 0:04:50]} 19. Bd4 {[%emt 0:03:18]} Qa5 {[%emt 0:00:13]} 20. Bc3 {[%emt 0:00:11]} Qa7 {[%emt 0:03:00]} 21. Bd4 {[%emt 0:00:08]} Qa5 {[%emt 0:00:08]} 1/2-1/2

[Event "DMP Ekstraliga 2020"]
[Site "Krakow"]
[Date "2020.08.31"]
[Round "6.29"]
[White "Zwardon, Vojtech"]
[Black "Murdzia, Piotr"]
[Result "1/2-1/2"]
[WhiteElo "2481"]
[BlackElo "2423"]
[Annotator "ChessBase"]
[PlyCount "185"]
[EventDate "2020.08.26"]
[EventType "team-tourn"]
[EventCountry "POL"]
[SourceTitle "playchess.com"]
[Source "ChessBase"]
[SourceQuality "1"]
[WhiteTeam "Dwie Wieze Krakow"]
[BlackTeam "Miedz Legnica"]
[TimeControl "30/5400+30:1800+30"]

1. c4 {[%emt 0:00:31]} e5 {[%emt 0:00:00]} 2. g3 {[%emt 0:00:04]} Nf6 {[%emt 0:00:00]} 3. Bg2 {[%emt 0:00:03]} c6 {[%emt 0:00:11]} 4. Nf3 {[%emt 0:00:04]} e4 {[%emt 0:00:18]} 5. Nd4 {[%emt 0:00:02]} d5 {[%emt 0:00:35]} 6. cxd5 {[%emt 0:00:01]} Qxd5 {[%emt 0:00:48]} 7. e3 {[%emt 0:00:18]} Na6 {[%emt 0:04:19]} 8. Nc3 {[%emt 0:01:04]} Qe5 {[%emt 0:00:48]} 9. f4 {[%emt 0:03:02]} exf3 {[%emt 0:02:31]} 10. Nxf3 {[%emt 0:00:08]} Qh5 {[%emt 0:00:46]} 11. O-O {[%emt 0:01:09]} Bh3 {[%emt 0:03:24]} 12. Bxh3 {[%emt 0:02:18]} Qxh3 {[%emt 0:00:06]} 13. Qb3 {[%emt 0:00:08]} Qd7 {[%emt 0:12:58]} 14. d4 {[%emt 0:04:24]} Bb4 {[%emt 0:01:10]} 15. e4 {[%emt 0:03:19]} O-O {[%emt 0:02:11]} 16. e5 {[%emt 0:07:34]} Nd5 {[%emt 0:01:39]} 17. Nxd5 {[%emt 0:10:46]} Qxd5 {[%emt 0:02:07]} 18. Qxd5 {[%emt 0:00:24]} cxd5 {[%emt 0:00:04]} 19. a3 {[%emt 0:04:04]} Ba5 {[%emt 0:05:33]} 20. Be3 {[%emt 0:02:55]} Nc7 {[%emt 0:00:36]} 21. Nh4 {[%emt 0:08:20]} g6 {[%emt 0:03:18]} 22. Ng2 {[%emt 0:00:01]} Ne6 {[%emt 0:02:49]} 23. Nf4 {[%emt 0:00:22]} Nxf4 {[%emt 0:03:20]} 24. Rxf4 {[%emt 0:05:21]} f5 {[%emt 0:00:36]} 25. exf6 {[%emt 0:00:48]} Rae8 {[%emt 0:00:21]} 26. Rf3 {[%emt 0:07:19]} Bb6 {[%emt 0:04:40]} 27. Rd1 {[%emt 0:01:19]} Re4 {[%emt 0:00:35]} 28. Kg2 {[%emt 0:01:58]} Kf7 {[%emt 0:01:16]} 29. a4 {[%emt 0:00:30]} Rfe8 {[%emt 0:00:30]} 30. Rd3 {[%emt 0:14:27]} Rc8 {[%emt 0:09:09]} 31. Rb3 {[%emt 0:31:35]} Rc7 {[%emt 0:35:45]} 32. Rb4 {[%emt 0:04:41]} Rd7 {[%emt 0:13:29]} 33. Kf2 {[%emt 0:06:09]} h5 {[%emt 0:09:19]} 34. h4 {[%emt 0:00:30]} Re6 35. Bg5 {[%emt 0:02:54]} Re4 {[%emt 0:02:44]} 36. Rd3 {[%emt 0:00:30]} Ba5 {[%emt 0:00:33]} 37. Rb5 {[%emt 0:02:37]} Bb6 38. Kf3 Rxd4 {[%emt 0:03:17]} 39. Re3 {[%emt 0:02:24]} Bd8 {[%emt 0:06:21]} 40. Reb3 {[%emt 0:00:00]} b6 {[%emt 0:00:00]} 41. a5 {[%emt 0:00:00]} Bxf6 {[%emt 0:00:00]} 42. axb6 {[%emt 0:00:00]} axb6 {[%emt 0:00:00]} 43. Bxf6 {[%emt 0:00:00]} Kxf6 {[%emt 0:00:00]} 44. Rxb6+ {[%emt 0:00:00]} Kf5 {[%emt 0:00:00]} 45. Re3 {[%emt 0:00:00]} Re4 {[%emt 0:00:00]} 46. Rd3 {[%emt 0:00:00]} Re6 {[%emt 0:00:00]} 47. Rb4 {[%emt 0:00:00]} Re5 {[%emt 0:00:00]} 48. Ra3 {[%emt 0:00:00]} g5 {[%emt 0:00:00]} 49. hxg5 {[%emt 0:00:00]} Kxg5 {[%emt 0:00:00]} 50. Rd3 {[%emt 0:00:00]} Rf5+ {[%emt 0:00:00]} 51. Kg2 {[%emt 0:00:00]} Re7 {[%emt 0:00:00]} 52. Kh3 {[%emt 0:00:00]} Re4 {[%emt 0:00:00]} 53. Rb8 {[%emt 0:00:00]} d4 {[%emt 0:00:00]} 54. Rd8 {[%emt 0:00:00]} Rf2 {[%emt 0:00:00]} 55. Rd5+ {[%emt 0:00:00]} Kg6 {[%emt 0:00:00]} 56. Rd6+ {[%emt 0:00:00]} Kg5 {[%emt 0:01:31]} 57. Rb3 {[%emt 0:00:00]} h4 {[%emt 0:00:24]} 58. Rb5+ Rf5 {[%emt 0:00:08]} 59. Rdd5 {[%emt 0:00:00]} Rxd5 {[%emt 0:00:30]} 60. Rxd5+ {[%emt 0:00:00]} Kf6 {[%emt 0:00:09]} 61. g4 {[%emt 0:00:00]} Ke6 {[%emt 0:00:30]} 62. Rd8 {[%emt 0:00:00]} Ke7 63. Rc8 d3 {[%emt 0:02:29]} 64. Rc1 {[%emt 0:03:00]} Rb4 {[%emt 0:00:55]} 65. Rd1 {[%emt 0:00:50]} Rxb2 {[%emt 0:00:03]} 66. Rxd3 {[%emt 0:00:06]} Kf6 {[%emt 0:00:16]} 67. Kxh4 {[%emt 0:00:33]} Rh2+ {[%emt 0:00:20]} 68. Kg3 {[%emt 0:00:04]} Ra2 {[%emt 0:00:05]} 69. Rd5 {[%emt 0:00:13]} Kg6 {[%emt 0:00:09]} 70. Rd8 {[%emt 0:00:56]} Ra1 {[%emt 0:00:30]} 71. Kf4 {[%emt 0:00:11]} Rf1+ {[%emt 0:00:07]} 72. Ke3 {[%emt 0:00:11]} Ra1 {[%emt 0:00:53]} 73. Kf3 {[%emt 0:00:05]} Rf1+ {[%emt 0:00:24]} 74. Ke2 {[%emt 0:00:04]} Ra1 {[%emt 0:00:05]} 75. Kf3 {[%emt 0:00:16]} Rf1+ {[%emt 0:00:10]} 76. Kg2 {[%emt 0:00:02]} Ra1 77. Rd5 {[%emt 0:00:10]} Ra3 {[%emt 0:00:12]} 78. Rd8 {[%emt 0:00:12]} Rb3 {[%emt 0:00:08]} 79. Kg1 {[%emt 0:00:02]} Ra3 {[%emt 0:00:06]} 80. Kf2 {[%emt 0:00:29]} Rb3 {[%emt 0:00:06]} 81. Re8 {[%emt 0:00:03]} Ra3 {[%emt 0:00:15]} 82. Re3 {[%emt 0:00:02]} Rxe3 {[%emt 0:01:20]} 83. Kxe3 {[%emt 0:00:00]} Kg5 {[%emt 0:00:06]} 84. Kf3 {[%emt 0:00:02]} Kg6 {[%emt 0:00:05]} 85. Kf4 {[%emt 0:00:01]} Kf6 {[%emt 0:00:05]} 86. g5+ {[%emt 0:00:02]} Kg6 {[%emt 0:00:04]} 87. Kg4 {[%emt 0:00:01]} Kg7 {[%emt 0:00:07]} 88. Kf5 {[%emt 0:00:01]} Kf7 {[%emt 0:00:05]} 89. g6+ {[%emt 0:00:01]} Kg7 {[%emt 0:00:06]} 90. Kg5 {[%emt 0:00:03]} Kg8 {[%emt 0:00:04]} 91. Kh6 {[%emt 0:00:05]} Kh8 {[%emt 0:00:03]} 92. g7+ {[%emt 0:00:02]} Kg8 {[%emt 0:00:04]} 93. Kg6 {[%emt 0:00:13]} 1/2-1/2

[Event "DMP Ekstraliga 2020"]
[Site "Krakow"]
[Date "2020.08.31"]
[Round "6.30"]
[White "Kiolbasa, Oliwia"]
[Black "Leks, Maria"]
[Result "1-0"]
[WhiteElo "2160"]
[BlackElo "2080"]
[Annotator "ChessBase"]
[PlyCount "151"]
[EventDate "2020.08.26"]
[EventType "team-tourn"]
[EventCountry "POL"]
[SourceTitle "playchess.com"]
[Source "ChessBase"]
[SourceQuality "1"]
[WhiteTeam "Miedz Legnica"]
[BlackTeam "Dwie Wieze Krakow"]
[TimeControl "30/5400+30:1800+30"]

1. e4 {[%emt 0:00:00]} e5 {[%emt 0:00:00]} 2. Nf3 {[%emt 0:00:00]} Nc6 {[%emt 0:00:00]} 3. Bb5 {[%emt 0:00:00]} a6 {[%emt 0:00:00]} 4. Ba4 {[%emt 0:00:02]} Nf6 {[%emt 0:00:00]} 5. O-O {[%emt 0:00:14]} Be7 {[%emt 0:00:00]} 6. d3 {[%emt 0:00:11]} b5 {[%emt 0:00:02]} 7. Bb3 {[%emt 0:00:08]} d6 {[%emt 0:00:18]} 8. a3 {[%emt 0:00:11]} O-O {[%emt 0:04:40]} 9. Nc3 {[%emt 0:00:11]} Na5 {[%emt 0:00:12]} 10. Ba2 {[%emt 0:00:09]} c5 {[%emt 0:00:46]} 11. b4 {[%emt 0:00:26]} Nc6 {[%emt 0:00:12]} 12. Nd5 {[%emt 0:00:15]} Be6 {[%emt 0:04:28]} 13. c3 {[%emt 0:00:17]} Rc8 {[%emt 0:00:45]} 14. Be3 {[%emt 0:01:29]} Nb8 {[%emt 0:13:51]} 15. Nxf6+ {[%emt 0:22:51]} Bxf6 {[%emt 0:00:09]} 16. Bxe6 {[%emt 0:00:07]} fxe6 {[%emt 0:00:04]} 17. bxc5 {[%emt 0:00:07]} dxc5 {[%emt 0:00:06]} 18. a4 {[%emt 0:00:05]} b4 {[%emt 0:11:07]} 19. cxb4 {[%emt 0:05:27]} cxb4 {[%emt 0:02:33]} 20. Qb3 {[%emt 0:02:46]} Qd6 {[%emt 0:04:24]} 21. Rac1 {[%emt 0:01:22]} a5 {[%emt 0:01:08]} 22. Nd2 {[%emt 0:05:08]} Rxc1 {[%emt 0:17:42]} 23. Rxc1 {[%emt 0:00:26]} Rd8 {[%emt 0:00:05]} 24. Nc4 {[%emt 0:07:09]} Qxd3 {[%emt 0:00:34]} 25. Nxa5 {[%emt 0:11:21]} Qxb3 {[%emt 0:02:28]} 26. Nxb3 {[%emt 0:00:51]} Rd3 {[%emt 0:00:12]} 27. Nd2 {[%emt 0:16:46]} Kf7 {[%emt 0:17:17]} 28. a5 {[%emt 0:00:10]} Ra3 {[%emt 0:06:59]} 29. Nc4 {[%emt 0:01:31]} Ra2 {[%emt 0:01:52]} 30. g3 {[%emt 0:04:15]} Na6 {[%emt 0:01:26]} 31. Rd1 {[%emt 0:30:12]} Rc2 {[%emt 0:37:25]} 32. Rd6 {[%emt 0:00:56]} Rxc4 {[%emt 0:00:08]} 33. Rxa6 {[%emt 0:00:08]} b3 {[%emt 0:00:11]} 34. Rb6 {[%emt 0:01:25]} Ra4 {[%emt 0:00:06]} 35. a6 {[%emt 0:01:19]} Be7 {[%emt 0:02:24]} 36. Kg2 {[%emt 0:04:58]} b2 {[%emt 0:00:18]} 37. Rxb2 {[%emt 0:00:24]} Rxa6 {[%emt 0:00:03]} 38. Rb7 {[%emt 0:00:08]} Kf6 {[%emt 0:02:09]} 39. g4 {[%emt 0:03:41]} h6 {[%emt 0:02:40]} 40. h4 {[%emt 0:00:00]} Bd6 {[%emt 0:00:00]} 41. h5 {[%emt 0:00:00]} Ra2 {[%emt 0:00:00]} 42. Kg3 {[%emt 0:00:00]} Rc2 {[%emt 0:00:00]} 43. g5+ {[%emt 0:00:00]} hxg5 {[%emt 0:00:00]} 44. Rd7 {[%emt 0:00:00]} Ba3 {[%emt 0:00:58]} 45. Kg4 {[%emt 0:00:00]} Bc1 {[%emt 0:01:36]} 46. Bb6 {[%emt 0:00:00]} Rc8 {[%emt 0:01:06]} 47. Bd8+ {[%emt 0:00:00]} Rxd8 {[%emt 0:00:04]} 48. Rxd8 {[%emt 0:00:03]} Bf4 {[%emt 0:00:51]} 49. Rd7 {[%emt 0:02:21]} Bc1 {[%emt 0:00:16]} 50. f3 {[%emt 0:02:23]} Bf4 {[%emt 0:00:40]} 51. Kh3 {[%emt 0:00:37]} g6 {[%emt 0:00:31]} 52. hxg6 {[%emt 0:00:27]} Kxg6 {[%emt 0:00:04]} 53. Kg2 {[%emt 0:00:04]} Bc1 {[%emt 0:00:39]} 54. Kf2 {[%emt 0:00:17]} Bf4 {[%emt 0:00:30]} 55. Ke2 {[%emt 0:00:06]} Bc1 {[%emt 0:00:27]} 56. Rd1 {[%emt 0:03:47]} Bf4 {[%emt 0:00:40]} 57. Rg1 {[%emt 0:00:06]} Kf6 {[%emt 0:00:49]} 58. Kd3 {[%emt 0:00:05]} Ke7 {[%emt 0:00:17]} 59. Kc4 {[%emt 0:00:03]} Kd6 {[%emt 0:00:45]} 60. Kb5 {[%emt 0:00:19]} Be3 {[%emt 0:00:14]} 61. Ra1 {[%emt 0:01:20]} Bd4 {[%emt 0:00:17]} 62. Ra8 {[%emt 0:00:33]} Kd7 {[%emt 0:00:24]} 63. Ka6 {[%emt 0:00:45]} Kc7 {[%emt 0:01:00]} 64. Re8 {[%emt 0:00:20]} Kd7 {[%emt 0:00:31]} 65. Rg8 {[%emt 0:00:07]} Be3 {[%emt 0:00:02]} 66. Kb7 {[%emt 0:00:08]} Kd6 {[%emt 0:00:13]} 67. Rg7 {[%emt 0:00:37]} Bf4 {[%emt 0:00:42]} 68. Kc8 {[%emt 0:00:10]} Be3 {[%emt 0:00:55]} 69. Kd8 {[%emt 0:00:19]} Kc5 {[%emt 0:00:39]} 70. Rd7 {[%emt 0:00:19]} Kc4 {[%emt 0:00:21]} 71. Ke7 {[%emt 0:00:18]} Bd4 {[%emt 0:00:05]} 72. Kxe6 {[%emt 0:00:33]} Kd3 {[%emt 0:00:06]} 73. Kf5 {[%emt 0:00:40]} Ke2 {[%emt 0:00:14]} 74. Kxg5 {[%emt 0:01:00]} Kxf3 {[%emt 0:00:05]} 75. Kf5 {[%emt 0:00:03]} Kg3 {[%emt 0:01:00]} 76. Re7 {[%emt 0:00:15]} 1-0